[Event "Alushta Summer Open"]
[Site "Alushta UKR"]
[Date "2005.07.02"]
[EventDate "2005.07.02"]
[Round "1"]
[Result "0-1"]
[White "Viktor Flaming"]
[Black "Vladimir Stanislavovich Belikov"]
[WhiteElo "2162"]
[BlackElo "2519"]
[PlyCount "60"]

1. e4 c5 2. Nc3 Nc6 3. f4 g6 4. Nf3 Bg7 5. Bc4 e6 6. f5 Nge7
7. fxe6 fxe6 8. d3 d5 9. Bb3 b5 10. a3 c4 11. Ba2 h6 12. O-O
O-O 13. Qe1 g5 14. Bd2 Ng6 15. Qg3 b4 16. axb4 Nxb4 17. h4
Nxa2 18. Rxa2 Nxh4 19. Nxh4 Rxf1+ 20. Kxf1 gxh4 21. Qg6 Qf8+
22. Ke2 cxd3+ 23. cxd3 Qf7 24. Qg4 d4 25. Ra1 dxc3 26. Rf1
Qxf1+ 27. Kxf1 cxb2 28. Qd1 Rb8 29. Qb1 Ba6 30. Ke2 Rb3 0-1